|
|
|
|
| LEADER |
00000nam2a2200000 4500 |
| 001 |
19636 |
| 005 |
20231101205307.0 |
| 035 |
|
|
|a (RuTPU)RU\TPU\book\19803
|
| 035 |
|
|
|a BOOK00019873
|
| 090 |
|
|
|a 19636
|
| 100 |
|
|
|a 20011209d1971 k y0rusy50 ca
|
| 101 |
0 |
|
|a rus
|
| 102 |
|
|
|a RU
|
| 105 |
|
|
|a y z 001zd
|
| 200 |
0 |
|
|a Т. 2
|
| 210 |
|
|
|d 1971
|
| 215 |
|
|
|a 445 с.
|
| 320 |
|
|
|a Библиогр. в конце кн.
|
| 461 |
|
1 |
|0 (RuTPU)RU\TPU\book\66308
|t Избранные философские труды
|o в 2 т.
|f В. Ф. Асмус
|v Т. 2
|d 1969-1971
|
| 464 |
|
|
|t Очерки истории диалектики в новой философии
|
| 464 |
|
|
|t Маркс и буржуазный историзм
|
| 600 |
|
1 |
|a Декарт
|g Рене
|b Р.
|c французский философ, математик, физик и физиолог
|f 1596-1650
|2 stltpui
|3 (RuTPU)RU\TPU\pers\142
|
| 600 |
|
1 |
|a Кант
|g Иммануил
|b И.
|c родоначальник немецкой классической философии
|f 1724-1804
|2 stltpui
|3 (RuTPU)RU\TPU\pers\208
|
| 600 |
|
1 |
|a Гегель
|g Георг Вильгельм Фридрих
|b Г. В. Ф.
|c немецкий философ
|f 1770-1831
|2 stltpui
|3 (RuTPU)RU\TPU\pers\947
|
| 600 |
|
1 |
|a Маркс
|g Карл
|b К.
|c немецкий мыслитель
|c общественный деятель
|c основоположник марксизма
|f 1818-1883
|2 stltpui
|3 (RuTPU)RU\TPU\pers\297
|
| 600 |
|
1 |
|a Спиноза
|g Бенедикт (Барух)
|c нидерландский философ
|f 1632-1677
|b Б.
|2 stltpui
|3 (RuTPU)RU\TPU\pers\434
|
| 600 |
|
1 |
|a Фихте
|g Иоганн Готлиб
|b И. Г.
|c немецкий философ
|f 1762-1814
|2 stltpui
|3 (RuTPU)RU\TPU\pers\944
|
| 600 |
|
1 |
|a Шеллинг
|g Фридрих Вильгельм
|b Ф. В.
|c немецкий философ
|f 1775-1854
|2 stltpui
|3 (RuTPU)RU\TPU\pers\882
|
| 600 |
|
1 |
|a Энгельс
|g Фридрих
|b Ф.
|c немецкий мыслитель и общественный деятель
|c один из основоположников марксизма
|f 1820-1895
|2 stltpui
|3 (RuTPU)RU\TPU\pers\530
|
| 600 |
|
1 |
|a Кант
|g Иммануил
|b И.
|c родоначальник немецкой классической философии
|f 1724-1804
|2 stltpui
|3 (RuTPU)RU\TPU\pers\208
|
| 600 |
|
1 |
|a Риккерт
|b Г.
|c немецкий философ
|f 1863-1936
|g Генрих
|2 stltpush
|3 (RuTPU)RU\TPU\pers\15791
|9 5512
|
| 600 |
|
1 |
|a Шпенглер
|g Освальд
|c немецкий философ, историк, представитель философии жизни
|f 1880-1936
|b О.
|2 stltpui
|3 (RuTPU)RU\TPU\pers\361
|
| 606 |
1 |
|
|a Русская философия
|x История
|2 stltpush
|3 (RuTPU)RU\TPU\subj\26377
|9 50319
|
| 610 |
1 |
|
|a философия
|
| 610 |
1 |
|
|a русская философия
|
| 610 |
1 |
|
|a история
|
| 610 |
1 |
|
|a 20 век
|
| 610 |
1 |
|
|a диалектика
|
| 610 |
1 |
|
|a буржуазный историзм
|
| 686 |
|
|
|a Ю3(2)
|v LBC/SL-A
|2 rubbk
|
| 801 |
|
0 |
|a RU
|b 63413507
|c 20011209
|g PSBO
|
| 801 |
|
2 |
|a RU
|b 63413507
|c 20220906
|g PSBO
|
| 942 |
|
|
|c BK
|